000 01267cam a2200337 i 4500
001 69213
003 Mx-PuUPA
005 20250321114322.0
008 201021s2002 ad||fr|||| 001 0 spa d
020 _a9789702402602
020 _a9702402603
040 _aMx-PuUPA
_bspa
_cMx-PuUPA
_dMx-PuUPA
_erda
041 0 _aspa
100 1 _910986
_aOcampo Sámano, José Eliseo,
_eautor
245 1 0 _aCostos y evaluación de proyectos /
_cJosé Eliseo Ocampo Sámano
250 _aPrimera edición
264 1 _aMéxico, D.F. :
_bGrupo Editorial Patria,
_c©2002
300 _axiv, 266 páginas :
_bilustraciones, gráficas ;
_c25 cm
336 _2rdacontent
_atexto
_btxt
337 _2rdamedia
_asin medio
_bn
338 _2rdacarrier
_avolumen
_bnc
500 _aReimpresiones: (séptima, 2011) ; (octava, 2013).
650 4 _aContabilidad de costos
_2armarc
650 7 _2armarc
_aPresupuesto
_xControl
650 4 _2armarc
_aAdministración de proyectos
942 _2ddc
_cLI
_h658.1553
_iO155
999 _c69213
_d69213